000 00854nas a2200253 a 4500
003 BLK
005 20250724162302.0
008 210315b bu |||||r|||| 00| 0 bu d
020 _a9772612121039
022 _a2612-1212
040 _aBLK
041 _aBUL
_cBUL
080 _aЛитература на отделни езици и езикови семейства
_b821
_z821-93-94
139 _aДядо Зайко
_bД 99
245 _aДядо Зайко
260 _9210229
_aMilano
_bHachette
_c2019
300 _a[28] с.
_bс цв. ил.
_c21 см
380 _aDX
490 _9443207
_aЗлатна колекция вълшебни приказки
_v№ 32
_x2612-1212
852 _bД
_c821-93/Д 99
942 _cCPU
_n0
_s1
_021
944 _aCR
_c2021-10-26
_k30552
_lВиолета Тройчева
944 _aED
_c2025-06-06
_kМ.Я.
999 _c434690
_d434690